000
00341 a2200157 4500
001
73579
020
_a
852200637-7
040
_c
Anchieta - Colégio São Paulo
100
_a
Gonçalves filho, Jaime
240
1
0
_a
Paralelos
_l
por
245
1
0
_a
Paralelos
300
_a
101
362
0
_a
2004
650
4
_a
Ficção brasileira
942
_c
BK
999
_c
73579
_d
73579